000 00800nam a2200241 a 4500
001 000034294
005 20200930073625.0
008 110215t1994 dr a 000 0 spa d
040 _aDO-SdBNP
_bspa
_cBNPHU
082 _a771
_bP438t
100 1 _aPérez, Faustino
_91945
245 1 0 _aTeoría de la toma fotográfica /
_cFaustino Pérez.
260 _aSanto Domingo :
_bImpresora Carlos,
_c1994.
300 _a116 p. :
_bil. ;
_c14 cm.
500 _aIncluye notas al pie de páginas.
504 _aBibliografía : p. 92-95.
590 _aInventariado, 2018/LP
650 4 _aFotografía
_xManuales
_941625
650 4 _aCámaras fotografícas
_941626
650 4 _aFotografía
_xEquipo y accesorios
_941627
650 4 _aFotografía
_xTécnicas
_951938
910 _aValidado. Control de calidad MFF
999 _c33785
_d33785